LEADER 01150cam0-22003851i-450- 001 990007117800403321 005 20080304142727.0 010 $a88-15-08760-5 035 $a000711780 035 $aFED01000711780 035 $a(Aleph)000711780FED01 035 $a000711780 100 $a20020916d2002----km-y0itay50------ba 101 1 $aita$ceng 102 $aIT 105 $ay-------001yy 200 1 $a<>invenzione della pace$eguerre e relazioni internazionali$fMichael Howard 210 $aBologna$cIl Mulino$d2002 215 $a110 p.$d21 cm 225 1 $aIntersezioni$v231 454 0$12001$a<>invention of Peace. Reflections on War and International Order$929999 610 0 $aGuerra 610 0 $aPace 676 $a327.093 700 1$aHoward,$bMichael Eliot$f<1922- >$0294480 801 0$aIT$bUNINA$gRICA$2UNIMARC 901 $aBK 912 $a990007117800403321 952 $aCollez. 912 (231)$b38925$fFSPBC 952 $aP.1 P 490$fFLFBC 952 $aP.1 P 530$fFLFBC 959 $aFSPBC 959 $aFLFBC 996 $aInvention of Peace. Reflections on War and International Order$929999 997 $aUNINA LEADER 01884nam 2200469 450 001 9910706591103321 005 20171114104511.0 035 $a(CKB)5470000002456532 035 $a(OCoLC)1011355745 035 $a(EXLCZ)995470000002456532 100 $a20171113j200108 ua 0 101 0 $aeng 135 $aurbn||||||||| 181 $ctxt$2rdacontent 182 $cc$2rdamedia 183 $acr$2rdacarrier 200 10$aComparison between oil-mist and oil-jet lubrication of high-speed, small-bore, angular-contact ball bearings /$fStanley I. Pinel, Hans R. Signer, Erwin V. Zaretsky 210 1$aCleveland, Ohio :$cNational Aeronautics and Space Administration, Glenn Research Center,$dAugust 2001. 215 $a1 online resource (11 pages) $cillustrations 225 1 $aNASA/TM ;$v2001-210462 300 $a"August 2001." 300 $a"Prepared for the 56th Annual Meeting sponsored by The Society of Tribologists and Lubrication Engineers, Orlando, Florida, May 20-24, 2001." 300 $a"Performing organization: National Aeronautics and Space Administration, John H. Glenn Research Center at Lewis Field"--Report documentation page. 320 $aIncludes bibliographical references (page 11). 606 $aLubrication systems$2nasat 606 $aBall bearings$2nasat 606 $aOils$2nasat 606 $aHigh temperature$2nasat 615 7$aLubrication systems. 615 7$aBall bearings. 615 7$aOils. 615 7$aHigh temperature. 700 $aPinel$b Stanley I.$01400291 702 $aSigner$b Hans R. 702 $aZaretsky$b Erwin V. 712 02$aNASA Glenn Research Center, 801 0$bGPO 801 1$bGPO 906 $aBOOK 912 $a9910706591103321 996 $aComparison between oil-mist and oil-jet lubrication of high-speed, small-bore, angular-contact ball bearings$93466923 997 $aUNINA LEADER 03384oam 2200685 c 450 001 9910563001703321 005 20250121110032.0 024 7 $a10.3726/b13655 035 $a(CKB)5450000000173953 035 $a(oapen)https://directory.doabooks.org/handle/20.500.12854/37862 035 $a(PH02)9783631751022 035 $a(MiAaPQ)EBC31850467 035 $a(oapen)doab37862 035 $a(EXLCZ)995450000000173953 100 $a20240525h20181994 uy 0 101 0 $ager 135 $aurnnunnnannuu 181 $ctxt$2rdacontent 182 $cc$2rdamedia 183 $acr$2rdacarrier 200 00$aZielgruppenmarketing im Fremdenverkehr von Regionen$eEin Beitrag zur Marktsegmentierung auf der Grundlage von Werten, Motiven und Einstellungen$fH. Meffert, Simone Fro?mbling 205 $a1st, New ed. 210 $aFrankfurt a.M$cPH02$d2018 210 $d2018, c1994 215 $a1 online resource (345 p.)$c, EPDF 225 0 $aSchriften zu Marketing und Management$v21 300 $aPeter Lang GmbH, Internationaler Verlag der Wissenschaften 311 08$a9783631751022 311 08$a3631751028 327 $aAus dem Inhalt: Operationalisierung des Besuchsverhaltens - Soziodemographische und psychographische Merkmale (Werte, Motive und Einstellungen) als Bestimmungsfaktoren des Besuchsverhaltens - Psychographische Marktsegmentierung - Zielgruppenspezifische Marktbearbeitung - Maßnahmen zur Durchsetzung. 330 $aSeit geraumer Zeit gewinnt die Frage nach einem zielgruppenspezifischen Marketing von Fremdenverkehrsregionen an Bedeutung. Die vorliegende Arbeit hat sich daher zum Ziel gesetzt, auf der Grundlage einer Stichprobe von 936 befragten Bundesbu?rgern zu untersuchen, unter Beru?cksichtigung welcher Markterfassungsansa?tze und Segmentierungskriterien eine sinnvolle Zielgruppenabgrenzung im Fremdenverkehr von Regionen vorgenommen werden kann. Hierzu wird der Einfluß sozio- und psychographischer Merkmale (Werte, Motive, Einstellungen) auf die Besuchsabsicht und -dauer analysiert. Die Ergebnisse bilden die Grundlage fu?r eine psychographische Marktsegmentierung. Fu?r die identifizierten Segmente werden aus Sicht einer regionalen Fremdenverkehrsorganisation theoriegeleitet Ansatzpunkte fu?r eine zielgruppenspezifische Marktbearbeitung aufgezeigt. 606 $aProduction & quality control management$2bicssc 606 $aSales & marketing management$2bicssc 606 $aDistribution & warehousing management$2bicssc 606 $aMarket research$2bicssc 606 $aTransport industries$2bicssc 610 $aBeitrag 610 $aEinstellungen 610 $aFremdenverkehr 610 $aFrömbling 610 $aGrundlage 610 $aMarktsegmentierung 610 $aMotiven 610 $aRegionen 610 $aWerten 610 $aZielgruppenmarketing 615 7$aProduction & quality control management 615 7$aSales & marketing management 615 7$aDistribution & warehousing management 615 7$aMarket research 615 7$aTransport industries 700 $aFrömbling$b Simone$4auth$01311925 702 $aMeffert$b H$4edt 702 $aFro?mbling$b Simone$4aut 801 0$bPH02 801 1$bPH02 906 $aBOOK 912 $a9910563001703321 996 $aZielgruppenmarketing im Fremdenverkehr von Regionen$93030567 997 $aUNINA